Nota que el Vice-Presidente del Senado y Presidente de la Cámara de Diputados dirijen a los miembros del Congreso que firmaron el acta del 1ro de enero de 1891
Gespeichert in:
| Format: | Buch |
|---|---|
| Sprache: | Spanisch |
| Veröffentlicht: |
Santiago
Imprenta Nacional
1891
Santiago Imprenta Cervantes 1891 |
| Schlagworte: | |
| Tags: |
Tag hinzufügen
Keine Tags, Fügen Sie den ersten Tag hinzu!
|
MARC
| LEADER | 00000nam a2200000 a 4500 | ||
|---|---|---|---|
| 001 | UCG1719 | ||
| 003 | CL-VaPUC | ||
| 008 | 100513e18910000CL |||||||||||||||||spa|d | ||
| 082 | 0 | 4 | |a 983.062 |b NOT |2 21 |
| 245 | 1 | 0 | |a Nota que el Vice-Presidente del Senado y Presidente de la Cámara de Diputados dirijen a los miembros del Congreso que firmaron el acta del 1ro de enero de 1891 |
| 246 | 1 | 0 | |a Cuestiones recientes con la legación i el gobierno de los Estados Unidos de Norte-América |
| 300 | |a pág. irreg | ||
| 942 | |c BK | ||
| 945 | |d 20100513 00:00:00 |a dcastane | ||
| 260 | |a Santiago |b Imprenta Nacional |c 1891 | ||
| 260 | |a Santiago |b Imprenta Cervantes |c 1891 | ||
| 500 | |a El volumen incluye la obra indicada como segundo título del autor M. A. Matta | ||
| 600 | 0 | |a Balmaceda Fernández, José Manuel, |d 1840-1891 |9 315369 | |
| 650 | 7 | |a HISTORIA DE CHILE 1886-1891 |2 CL-VaPUC |9 549707 | |
| 650 | 0 | |a Guerra civil 1891 |9 268144 | |
| 650 | 7 | |a REVOLUCION DE 1891 |2 CL-VaPUC |9 434235 | |
| 651 | 7 | |a CHILE |2 CL-VaPUC |9 549708 | |
| 651 | 0 | |a Valparaíso, Chile |9 261144 | |
| 583 | |a last modification |c 20130326 09:59:59 |k Rodrigo Vera | ||
| 999 | |c 340992 |d 340990 | ||
| 952 | |0 0 |1 0 |4 0 |6 983_062000000000000_NOT_1891_1891 |7 0 |8 X |9 436176 |a FDOBUD |b FDOBUD |d 2019-11-22 |i 4672534 |o 983.062 NOT 1891 1891 |p 4672534 |r 2019-11-22 |w 2019-11-22 |y BK_X |k BUD | ||